| 000 | 00382nam a2200145Ia 4500 | ||
|---|---|---|---|
| 008 | 240624s9999 xx 000 0 und d | ||
| 041 | _aeng | ||
| 082 | _a828 SIN | ||
| 100 | _aSINGH KHUSHWANT | ||
| 245 | _aTRAIN TO PAKISTAN 1956 2006 | ||
| 250 | _a(50th (Anniv. Edn) ed.) | ||
| 260 |
_c2006 _aNew Delhi _bLotus Roli Books |
||
| 300 | _axxv, : 263 : p. : cm. ; 25 | ||
| 365 |
_cRS _b20 |
||
| 999 |
_c4494 _d4494 |
||